01824cam a2200301 i 450000100090000000300050000900500170001400800410003101000170007202000310008903500200012004000280014004200080016805000240017606000120020008200080021210000360022024501710025626000500042730000240047750000510050150507950055265000220134765000590136965000210142870000350144970000380148418257262PILC20151105141246.0140804s2015 enk b 001 0 eng  a 2014030708 a9781849055673 (alk. paper) a(DNLM)101638535 aDNLM/DLCcDLCerdadDLC apcc00aRA 427.8b.B76 201510aWM 30.100a6131 aBrown, Jean S.,d1954-eauthor.10aPromoting public mental health and well-beingbprinciples into practice /cJean S. Brown, Alyson M. Learmonth, and Catherine J. Mackereth; foreword by John R. Ashton. aLondon :bJessica Kingsley Publishers,c2015. a304 pages ;c23 cm. aIncludes bibliographical references and index.0 aMeasuring outcomes related to mental health and well-being : what do we want to achieve? -- What affects mental health and well-being? : the wider social, cultural, and physical environment -- What affects mental health and well-being? : individual social, cultural, and physical circumstances -- What affects mental health and well-being? : individual life stage and personal behaviours -- How can we develop mental health and well-being strategically? -- How can we develop mental health and well-being operationally? -- Extended case study : prevention of suicide and self-harm -- Extended case study : improving mental health and well-being among young black and minority ethnic groups -- Extended case study : improving mental health and well-being in people with long-term conditions.12aHealth Promotion.12aMental Health Servicesxorganization & administration.22aHealth Behavior.1 aLearmonth, Alyson M.,eauthor.1 aMackereth, Catherine J.,eauthor.